| 000 | 01871cam a22004814i 4500 | ||
|---|---|---|---|
| 003 | PE-LiUPU | ||
| 005 | 20250731173108.0 | ||
| 008 | 181211s2015 oru rb 000 0 eng d | ||
| 020 | _a1942614063 | ||
| 020 | _a9781942614067 | ||
| 035 | _a(Sirsi) a250986 | ||
| 040 |
_aPE-LiUPU _bspa _cPE-LiUPU _erda |
||
| 049 | _aPRUA | ||
| 082 | 0 | 4 |
_a231 _bG43 _223 |
| 100 | 1 |
_aGibbon, John David, _d1949-, _eautor. |
|
| 245 | 1 | 0 |
_aScience and the knowledge of God : _ba look at the Biblical doctrines of the identity and nature of God through the eyes of a scientist / _cJohn David Gibbon. |
| 264 | 1 |
_aSilverton : _bLampion Press, _c2015. |
|
| 300 |
_a185 páginas ; _c23 centímetros |
||
| 336 |
_atext _2rdacontent |
||
| 337 |
_aunmediated _2rdamedia |
||
| 338 |
_avolume _2rdacarrier |
||
| 504 | _aBibliografía: páginas 175-183. | ||
| 505 | 0 | _aScience and the Bible: Truth, Fiction and Fantasy -- Searching for God? -- The Child's Question: Where does God Live? -- Questions About Mind and Image -- The Mind and Personality of God -- Extra-Terrestrial and Artificial Humans? -- Jesus Christ-the Image of the Invisible God -- The Uniqueness and Tri-Unitarity of God: the Trinity. | |
| 526 | _aSEG42 | ||
| 526 | _aSEG41 | ||
| 526 | _aSEG40 | ||
| 526 | _aSEG39 | ||
| 526 | _aP94 | ||
| 526 | _aP87 | ||
| 526 | _aP86 | ||
| 526 | _aP85 | ||
| 526 | _aP77 | ||
| 526 | _aP76 | ||
| 526 | _aP35 | ||
| 650 | 0 | 4 |
_aDios. _93786 |
| 650 | 0 | 4 | _aReligion y ciencia. |
| 910 |
_adbm _brri _crri _d20181210 |
||
| 942 |
_2ddc _cBOOK |
||
| 994 |
_aC0 _bPEPRU |
||
| 596 | _a1 | ||
| 999 |
_a231 G43 _wDEWEY _c30440 _i79339 _f2021-11-9 _g4 _lCCODEBUL1 _mBUL _p14.95 _r0 _sY _tBOOK _u2018-12-11 _xTEOLOGIA _PP85 _0COMPRA _1FCOMPR2 _o.STAFF. Colección Teología _d30440 |
||
| 980 |
_81 _gALBERTO SANCHEZ Responsable de Automatización |
||